000 00456cam a22001217a 4500
008 180718b1986 xxu||||| |||| 00| 0 eng d
082 _aA81x54 In2/81/18/Pap1/1985
100 _aCensus of India 1981
245 _aRajasthan: household population by religion of head of household upto tehsil and town level
260 _aDelhi
_bThe Controller of Publications
_c1986
300 _a139+p.
440 _aCensus of India 1981. Series-18, Rajasthan. Paper 1 of 1985
999 _c483195
_d483195